|
|
|
|
| LEADER |
00932nam a2200253 a 4500 |
| 001 |
14567483 |
| 008 |
091007s2006 dcuab b 001 0 eng d |
| 010 |
|
|
|a 2006283519
|
| 020 |
|
|
|a 0821363972
|
| 020 |
|
|
|a 9780821363973
|
| 040 |
|
|
|a DLC
|c DLC
|d DLC
|
| 082 |
0 |
0 |
|a 362.10967
|2 22
|
| 245 |
0 |
0 |
|a Disease and mortality in Sub-Saharan Africa /
|c editors, Dean T. Jamison ... [et al.]
|
| 250 |
|
|
|a 2nd ed.
|
| 260 |
|
|
|a Washington, D.C. :
|b World Bank,
|c c2006.
|
| 300 |
|
|
|a xxii, 387 p. :
|b ill., maps ;
|c 29 cm.
|
| 504 |
|
|
|a Includes bibliographical references and index.
|
| 541 |
1 |
|
|e 00016403
|
| 650 |
|
0 |
|a Public health
|z Africa, Sub-Saharan.
|
| 700 |
1 |
|
|a Jamison, Dean T.
|
| 710 |
2 |
|
|a World Bank.
|
| 852 |
4 |
|
|a Ayesha Abed Library
|j General Shelf.
|
| 999 |
|
|
|c 4349
|d 4349
|
| 952 |
|
|
|0 0
|1 0
|2 ddc
|4 0
|6 362_109670000000000_DIS_2006
|7 0
|9 4043
|a BRACUL
|b BRACUL
|c GEN
|d 2009-10-10
|g 3150.00
|l 0
|o 362.10967 DIS
|p 3010016403
|r 2009-10-10
|t 1
|w 2009-10-10
|y BK
|